<?xml version="1.0" encoding="UTF-8"?>
<record
    xmlns:xsi="http://www.w3.org/2001/XMLSchema-instance"
    xsi:schemaLocation="http://www.loc.gov/MARC21/slim http://www.loc.gov/standards/marcxml/schema/MARC21slim.xsd"
    xmlns="http://www.loc.gov/MARC21/slim">

  <leader>01091nam a22002297a 4500</leader>
  <controlfield tag="003">NALT</controlfield>
  <controlfield tag="005">20221027100835.0</controlfield>
  <controlfield tag="008">      s2557                        tha d</controlfield>
  <datafield tag="020" ind1=" " ind2=" ">
    <subfield code="a">9786162754210</subfield>
  </datafield>
  <datafield tag="040" ind1=" " ind2=" ">
    <subfield code="a">NALT</subfield>
  </datafield>
  <datafield tag="041" ind1=" " ind2=" ">
    <subfield code="a">tha</subfield>
  </datafield>
  <datafield tag="050" ind1=" " ind2=" ">
    <subfield code="a">PE 1131 </subfield>
    <subfield code="b">&#xE01;351&#xE2D; 2557</subfield>
  </datafield>
  <datafield tag="110" ind1="2" ind2=" ">
    <subfield code="9">28396</subfield>
    <subfield code="a">&#xE01;&#xE2D;&#xE07;&#xE1A;&#xE23;&#xE23;&#xE13;&#xE32;&#xE18;&#xE34;&#xE01;&#xE32;&#xE23;&#xE2A;&#xE33;&#xE19;&#xE31;&#xE01;&#xE1E;&#xE34;&#xE21;&#xE1E;&#xE4C;</subfield>
  </datafield>
  <datafield tag="245" ind1="1" ind2="0">
    <subfield code="a">English moms dads &amp; me :</subfield>
    <subfield code="b">&#xE1D;&#xE36;&#xE01;&#xE1E;&#xE39;&#xE14;&#xE20;&#xE32;&#xE29;&#xE32;&#xE2D;&#xE31;&#xE07;&#xE01;&#xE24;&#xE29;&#xE43;&#xE19;&#xE04;&#xE23;&#xE2D;&#xE1A;&#xE04;&#xE23;&#xE31;&#xE27; &#xE2A;&#xE44;&#xE15;&#xE25;&#xE4C;&#xE19;&#xE31;&#xE01;&#xE40;&#xE23;&#xE35;&#xE22;&#xE19;&#xE17;&#xE38;&#xE19;&#xE41;&#xE25;&#xE01;&#xE40;&#xE1B;&#xE25;&#xE35;&#xE48;&#xE22;&#xE19; /</subfield>
    <subfield code="c">&#xE42;&#xE14;&#xE22; &#xE01;&#xE2D;&#xE07;&#xE1A;&#xE23;&#xE23;&#xE13;&#xE32;&#xE18;&#xE34;&#xE01;&#xE32;&#xE23;&#xE2A;&#xE33;&#xE19;&#xE31;&#xE01;&#xE1E;&#xE34;&#xE21;&#xE1E;&#xE4C;.</subfield>
  </datafield>
  <datafield tag="260" ind1=" " ind2=" ">
    <subfield code="a">&#xE01;&#xE23;&#xE38;&#xE07;&#xE40;&#xE17;&#xE1E;&#xE2F; : </subfield>
    <subfield code="b">Pop Get Book, </subfield>
    <subfield code="c">2557.</subfield>
  </datafield>
  <datafield tag="300" ind1=" " ind2=" ">
    <subfield code="a">371 &#xE2B;&#xE19;&#xE49;&#xE32; :</subfield>
    <subfield code="b">&#xE20;&#xE32;&#xE1E;&#xE1B;&#xE23;&#xE30;&#xE01;&#xE2D;&#xE1A; ;</subfield>
    <subfield code="c">20 &#xE0B;&#xE21;.</subfield>
  </datafield>
  <datafield tag="650" ind1=" " ind2="4">
    <subfield code="a">&#xE20;&#xE32;&#xE29;&#xE32;&#xE2D;&#xE31;&#xE07;&#xE01;&#xE24;&#xE29;</subfield>
    <subfield code="9">467</subfield>
    <subfield code="x">&#xE1A;&#xE17;&#xE2A;&#xE19;&#xE17;&#xE19;&#xE32;&#xE41;&#xE25;&#xE30;&#xE27;&#xE25;&#xE35;</subfield>
  </datafield>
  <datafield tag="650" ind1=" " ind2="4">
    <subfield code="a">&#xE20;&#xE32;&#xE29;&#xE32;&#xE2D;&#xE31;&#xE07;&#xE01;&#xE24;&#xE29;</subfield>
    <subfield code="9">227</subfield>
    <subfield code="x">&#xE04;&#xE33;&#xE28;&#xE31;&#xE1E;&#xE17;&#xE4C;</subfield>
  </datafield>
  <datafield tag="850" ind1=" " ind2=" ">
    <subfield code="a">NALT</subfield>
  </datafield>
  <datafield tag="942" ind1=" " ind2=" ">
    <subfield code="c">GB</subfield>
    <subfield code="2">lcc</subfield>
  </datafield>
  <datafield tag="998" ind1=" " ind2=" ">
    <subfield code="b">&#xE1B;&#xE23;&#xE35;&#xE22;&#xE32;&#xE19;&#xE38;&#xE0A;  &#xE04;&#xE25;&#xE2D;&#xE27;&#xE38;&#xE12;&#xE34;&#xE27;&#xE31;&#xE12;&#xE19;&#xE4C;</subfield>
    <subfield code="b">phon</subfield>
    <subfield code="c">101</subfield>
    <subfield code="j">104</subfield>
    <subfield code="k"> &#xE19;&#xE32;&#xE07;&#xE2A;&#xE32;&#xE27;&#xE2A;&#xE32;&#xE22;&#xE1D;&#xE19;  &#xE14;&#xE35;&#xE07;&#xE32;&#xE21;</subfield>
  </datafield>
  <datafield tag="999" ind1=" " ind2=" ">
    <subfield code="c">70873</subfield>
    <subfield code="d">70873</subfield>
  </datafield>
  <datafield tag="952" ind1=" " ind2=" ">
    <subfield code="0">0</subfield>
    <subfield code="1">0</subfield>
    <subfield code="2">lcc</subfield>
    <subfield code="4">0</subfield>
    <subfield code="7">0</subfield>
    <subfield code="8">CGBL</subfield>
    <subfield code="a">NALT</subfield>
    <subfield code="b">NALT</subfield>
    <subfield code="c">GEN</subfield>
    <subfield code="d">2022-10-27</subfield>
    <subfield code="e">&#xE08;&#xE31;&#xE14;&#xE0B;&#xE37;&#xE49;&#xE2D;&#xE17;&#xE23;&#xE31;&#xE1E;&#xE22;&#xE32;&#xE01;&#xE23;</subfield>
    <subfield code="o">PE 1131 &#xE01;351&#xE2D; 2557</subfield>
    <subfield code="p">3961195332</subfield>
    <subfield code="r">2017-06-09 00:00:00</subfield>
    <subfield code="w">2017-06-09</subfield>
    <subfield code="y">GB</subfield>
  </datafield>
</record>
